| 000 | 003440000a22001330004500 | ||
|---|---|---|---|
| 050 | 4 | _aCD 046 | |
| 100 | 1 | _aBolen, Todd | |
| 245 | 1 | 0 | _aPictorial Library of Bible Lands Vol. 9 : Greece / Todd Bolen |
| 001 | 13613 | ||
| 942 | _cBK | ||
| 999 |
_c42570 _d42570 |
||
| 336 |
_atexto _btxt _2rdacontent |
||
| 337 |
_2rdamedia _asin mediación _bn |
||
| 338 |
_2rdacarrier _avolumen _bnc |
||